[Event "IRI-ch U14"]
[Site "Chess.com INT"]
[Date "2021.01.16"]
[Round "5"]
[White "Golshaani, Taha"]
[Black "Heidarzadeh, Arsha"]
[Result "0-1"]
[WhiteElo "1421"]
[BlackElo "1708"]
[PlyCount "86"]
[EventDate "2021.01.16"]
[EventType "swiss"]
[EventRounds "11"]
[EventCountry "IRI"]
[SourceTitle "EXT 2022"]
[Source "ChessBase"]
[SourceDate "2021.10.06"]
[SourceVersion "1"]
[SourceVersionDate "2021.10.06"]
[SourceQuality "1"]

1. d4 d5 2. Nf3 Nf6 3. e3 g6 4. b3 Bg7 5. Bb2 0-0 6. Nbd2 c6 7. Bd3 a5 8. a3 a4 9. 0-0 axb3 10. cxb3 Qb6 11. Qc2 Nbd7 12. Rfe1 Re8 13. b4 e5 14. dxe5 Ng4 15. Bd4 Qc7 16. Rec1 Ndxe5 17. h3 Nxf3+ 18. Nxf3 Bxd4 19. exd4 Nf6 20. b5 Bd7 21. Ne5 Nh5 22. Nxd7 Qxd7 23. bxc6 bxc6 24. Qxc6 Qe7 25. g3 Nxg3 26. Qxd5 Nh5 27. Bf1 Red8 28. Qf3 Ra5 29. Kh1 Rf5 30. Qg2 Qh4 31. Rc2 Rxd4 32. Re1 Rg5 33. Qh2 Nf4 34. Rc3 Qh5 35. Rg3 Rf5 36. Re8+ Kg7 37. Re1 Rfd5 38. Bg2 Rd1 39. Rge3 R5d4 40. Bf3 Rxe1+ 41. Rxe1 Qxf3+ 42. Kg1 Rd1 43. Rxd1 Qxd1# 0-1